Nad zákonom o Liečebnom poriadku

Bibliographic Details
Main Author: -šp- (Author)
Format: Article
Language:Slovak
ISSN:1210-177X
Subjects:

MARC

LEADER 00000nab a2200000 a 4500
001 vtls000555787
003 SK-MaSNL
005 20260303015048.0
008 220422c1995 xo 0 slo
015 |a SNBRB19rr/mm-uuuuu 
035 |a CL0555925 
040 |a SNKBUCL  |b slo  |c SNKBUCL  |e AACR2 
041 0 |a slo 
044 |a xo  |c SK 
080 |a 340.130:368.4:362.11/.14  |2 1981 
080 |a 368.4  |2 1981 
080 |a 362.11/.14  |2 1981 
080 |a 614.2  |2 1981 
100 1 |a -šp-  |4 aut  |9 894144 
245 1 0 |a Nad zákonom o Liečebnom poriadku  |c -ŠP- 
650 0 7 |a Zákon NR SR o Liečebnom poriadku  |2 snkbucl  |9 997528 
655 7 |a články z novín a časopisov  |2 snkbucl  |9 267496 
773 0 |t Odborárske spektrum  |g Roč. 6, č. 34 (1995)  |x 1210-177X 
773 0 |t Príloha Odborárskeho spektra  |g Č. 34 (1995), s. 1-4  |x 1210-177X 
850 |a Slovenská národná knižnica v Martine  |a MTA001 
852 |a SNK  |b KIS3GCP 
958 |a RK 
958 |a ME 
958 |a SK 
992 |a RBX 
999 |c 1610941  |d 1612871